神鵰俠侶

資料類型: Book 圖書   書目號:31614

Leader xxxxxxxxxx
001 __ PCLIS00031614
005 __ 20220407101010.0
010 0_ |a957-32-2917-X|b一套 : 平裝|dNT$1000
010 0_ |a957-32-2918-8|b第一冊 : 平裝|dNT$250
010 0_ |a957-32-2919-6|b第二冊 : 平裝|dNT$250
010 0_ |a957-32-2920-X|b第三冊 : 平裝|dNT$250
010 0_ |a957-32-2921-8|b第四冊 : 平裝|dNT$250
100 __ |a20011015d1996    m  y0chiy09      e
101 0_ |achi
102 __ |atw
105 __ |aaf  z   000ay
200 1_ |a神鵰俠侶|dThe giant eagle and its companion|zeng|f金庸著
205 __ |a三版
210 __ |a臺北市|c遠流|d1996[民85]
215 0_ |a4冊(1662面, 圖版[64]面)|c部分彩圖|d21公分
225 2_ |a金庸作品集|v9-12
260 1_ |a2000
300 __ |a本館最新館藏為2014年39刷
410 _0 |12001 |a金庸作品集|v9-12
510 1_ |aThe giant eagle and its companion|zeng
517 1_ |a神雕俠侶|zchi
606 __ |2cst|a武俠小說
681 __ |a857.9|b864
681 __ |a857.9|b8640
681 __ |a857.9|b8640 89
681 __ |a857.9|b8640 88
681 __ |a857.9|b8000
681 __ |a857.9|b8000-3|y89
700 _0 |a金庸|f1924-2018|4801 _0 |atw|b內湖高中|c20041124|gCCR
801 _1 |atw|b內湖高中|c20121119|gCCR
801 _2 |atw|b內湖高中|c20220407|gCCR
詳細館藏 1-6 筆 (共 6 筆)
索 書 號登 錄 號冊次號館別 / 館藏地流通類型狀態加入預約清單電子資源
857.9 / 864 1013305 v.3 圖書館 / 一樓普通區 可外借30天 在館   
857.9 / 864 1013306 v.4 圖書館 / 一樓普通區 可外借30天 在館   
857.9 / 864 1014723 v.1 圖書館 / 一樓普通區 可外借30天 在館   
857.9 / 864 1020033 v.3 圖書館 / 一樓普通區 可外借30天 在館   
857.9 / 864 1020034 v.4 圖書館 / 一樓普通區 可外借30天 在館   
857.9 / 864 2020054 v.2 圖書館 / 一樓普通區 可外借30天 在館   

| 條列資料




目錄查詢 分類查詢 個人資料 圖書薦購 新書查詢 閉館日 排行榜 更多電子資源 Hami書城 線上資料庫 登出

From : 216.73.216.116

  本日流通累計至 18:02:41 借閱 : 6 次 續借 : 0 次 歸還 : 8 次 預約 : 0 次 電子資源 : 0 次


內湖高中圖書館  PCLIS 版本  25.5.0.2